Statistics for Famous People from the Commonwealth

Click here to take the quiz!

General Stats

  • This quiz has been taken 130 times
  • The average score is 10 of 25

Answer Stats

HintCountryPerson% Correct
Current queen of the Commonwealth realmsUnited KingdomElizabeth II
86%
R&B singer with hits named Umbrella or DiamondsBarbadosRihanna
83%
The "Father of the Nation" who non-violently marched for saltIndiaMohandas Gandhi
74%
Pioneer of reggae who converted to RastafarianismJamaicaBob Marley
62%
First post-Apartheid president who spent 18 years on a prison islandSouth AfricaNelson Mandela
62%
Singer who names her albums after her ageUnited KingdomAdele
59%
The Iron Lady. Under her aegis, the British won the Falklands WarUnited KingdomMargaret Thatcher
58%
Together with Tenzing Norgay he became the first person to climb Mt. EverestNew ZealandEdmund Hillary
48%
Crocodile hunter who died due to a stingray injuryAustraliaSteve Irwin
44%
Influential rap artist, song AnacondaTrinidad & TobagoNicki Minaj
40%
He played 007 in a record seven filmsUnited KingdomRoger Moore
39%
Wife of Keith Urban. Well-known films of her include The Hours and Eyes Wide ShutAustraliaNicole Kidman
38%
Media mogul and founder of Fox NewsAustraliaRupert Murdoch
35%
First female Muslim head of governmentPakistanBenazir Bhutto
33%
Oscar-awarded actress whose own productions have been critical failuresSouth AfricaCharlize Theron
33%
One of the best-paid Bollywood actresses. She's married to Nick JonasIndiaPriyanka Chopra
33%
Film director of two famous J.R.R. Tolkien trilogiesNew ZealandPeter L. Jackson
31%
Famously known for wearing the jersey No. 99, he holds 61 NHL recordsCanadaWayne Gretzky
29%
Diplomat and former Secretary-General of the United NationsGhanaKofi Annan
28%
NBA basketballer, nicknamed The Dream, who predominantly played for the Houston RocketsNigeriaHakeem Olajuwon
19%
Fighter for an independent Ireland, co-author of the constitution and president for 14 yearsIrelandÉamon de Valera
14%
"fruity" ice hockey commentator and co-host of the program Coach's CornerCanadaDon Cherry
13%
Only cricketer to have scored 100 international centuriesIndiaSachin Tendulkar
13%
In 2019, he became the first runner to complete a marathon in under two hoursKenyaEliud Kipchoge
9%
"fruity" luger who became the first Tongan ever to compete in Winter Olympic GamesTongaBruno Banani
6%

Score Distribution

Percentile by Number Answered

Percent of People with Each Score

Your Score History

You have not taken this quiz